Colombia cantada (Record no. 59798)

MARC details
000 -LEADER
campo de control de longitud fija 00929nam a2200277 i 4500
005 - FECHA Y HORA DE LA ÚLTIMA TRANSACCIÓN
campo de control 20240829035024.0
007 - CAMPO FIJO DE DESCRIPCIÓN FÍSICA--INFORMACIÓN GENERAL
campo de control de longitud fija ta
008 - DATOS DE LONGITUD FIJA--INFORMACIÓN GENERAL
campo de control de longitud fija 000030 2013 ck a gr spa d spa
020 ## - NÚMERO INTERNACIONAL ESTÁNDAR DEL LIBRO
Número Internacional Estándar del Libro 9789589177921
040 ## - FUENTE DE CATALOGACIÓN
Centro catalogador/agencia de origen CO-BoRNBP
Lengua de catalogación spa
Normas de descripción rda
Centro/agencia transcriptor CO-BoRNBP
041 ## - CÓDIGO DE IDIOMA
Código de lengua del texto/banda sonora o título independiente spa
082 04 - NÚMERO DE LA CLASIFICACIÓN DECIMAL DEWEY
Número de clasificación Co861.6
Número de ítem C64
Número de edición 23
245 00 - MENCIÓN DEL TÍTULO
Título Colombia cantada
Resto del título poesía
Mención de responsabilidad, etc. editor Iván Hernández A. ; ilustración de Daniel Gómez
250 ## - MENCION DE EDICION
Mención de edición Primera edición
264 #1 - PRODUCCIÓN, PUBLICACIÓN, DISTRIBUCIÓN, FABRICACIÓN Y COPYRIGHT
Producción, publicación, distribución, fabricación y copyright Bogotá
Nombre del de productor, editor, distribuidor, fabricante Ministerio de Cultura
Fecha de producción, publicación, distribución, fabricación o copyright 2012
300 ## - DESCRIPCIÓN FÍSICA
Extensión 123 páginas
Otras características físicas ilustraciones en blanco y negro
Dimensiones 23 cm
336 ## - TIPO DE CONTENIDO
Término de tipo de contenido texto
Código de tipo de contenido txt
Fuente rdacontent
337 ## - TIPO DE MEDIO
Nombre/término del tipo de medio sin mediación
Código del tipo de medio n
Fuente rdamedia
338 ## - TIPO DE SOPORTE
Nombre/término del tipo de soporte volumen
Código del tipo de soporte nc
Fuente rdacarrier
650 17 - PUNTO DE ACCESO ADICIONAL DE MATERIA--TÉRMINO DE MATERIA
Término de materia o nombre geográfico como elemento de entrada Poesía colombiana
Fuente del encabezamiento o término ARMARC
650 17 - PUNTO DE ACCESO ADICIONAL DE MATERIA--TÉRMINO DE MATERIA
Término de materia o nombre geográfico como elemento de entrada Literatura colombiana
Fuente del encabezamiento o término ARMARC
650 17 - PUNTO DE ACCESO ADICIONAL DE MATERIA--TÉRMINO DE MATERIA
Término de materia o nombre geográfico como elemento de entrada Vida cotidiana
Subdivisión de forma Poesía
Fuente del encabezamiento o término ARMARC
700 1# - ENTRADA AGREGADA--NOMBRE PERSONAL
Nombre de persona Gómez, Daniel
Término indicativo de función/relación ilustrador
700 1# - ENTRADA AGREGADA--NOMBRE PERSONAL
Nombre de persona Hernández A., Iván
Término indicativo de función/relación editor
942 ## - ELEMENTOS DE ENTRADA SECUNDARIOS (KOHA)
Fuente del sistema de clasificación o colocación Clasificación Decimal Dewey
Tipo de ítem Koha Literatura
Holdings
Estatus retirado Estado de pérdida Fuente del sistema de clasificación o colocación Estado de daño No para préstamo Colección Biblioteca de origen Biblioteca actual Ubicación en estantería Fecha de adquisición Fuente de adquisición Total de préstamos Signatura topográfica completa Código de barras Visto por última vez Copia número Precio de reemplazo Tipo de ítem Koha
    Clasificación Decimal Dewey     General BIBLIOTECA HUGO ANGEL JARAMILLO BIBLIOTECA HUGO ANGEL JARAMILLO Colección general 04/01/2024 Dotación Min y Cultura BNC   861.4421 C718c CUB04 - 0802 04/01/2024 Ej.1 04/01/2024 Literatura
    Clasificación Decimal Dewey     General BIBLIOTECA HUGO ANGEL JARAMILLO BIBLIOTECA HUGO ANGEL JARAMILLO Colección general 04/01/2024 Dotación MinCultura y BNC   861.4421 C718c CUB04 - 0804 04/01/2024 Ej. 2 04/01/2024 Literatura

Powered by Koha